书目信息 |
| 题名: |
工业水处理技术
|
|
| 作者: | 张志强 主编 | |
| 分册: | ||
| 出版信息: | 北京 化学工业出版社 2014 |
|
| 页数: | 322页 | |
| 开本: | 21cm | |
| 丛书名: | ||
| 单 册: | ||
| 中图分类: | TQ085 | |
| 科图分类: | ||
| 主题词: | 工业用水--水处理--基本知识 , 工业用水 , 水处理 | |
| 电子资源: | ||
| ISBN: | 978-7-122-19896-9 | |
| 000 | 00865nam0 2200253 450 | |
| 001 | 140041 | |
| 005 | 20140915092925.45 | |
| 010 | @a978-7-122-19896-9@dCNY 38.00 | |
| 100 | @a20140703d2014 em y0chiy50 ea | |
| 101 | 0 | @achi |
| 102 | @aCN@b110000 | |
| 105 | @aa z 000yy | |
| 200 | 1 | @a工业水处理技术@Agong ye shui chu li ji shu@b专著@f张志强主编 |
| 210 | @a北京@c化学工业出版社@d2014 | |
| 215 | @a322页@c图@d21cm | |
| 300 | @a环境工程实用技术读本 | |
| 330 | @a本书采用问答的形式,汇总了工业水处理技术的各项内容,包括基础知识、标准法规、水中的污染物及其危害、工业水处理技术以及几种典型工业废水的处理和利用,最后还介绍了水处理中常用的药剂。 | |
| 606 | 0 | @a工业用水@x水处理@x基本知识 |
| 606 | 0 | @a工业用水 |
| 606 | 0 | @a水处理 |
| 690 | @aTQ085@v5 | |
| 701 | 0 | @a张志强@Azhang zhi qiang@4主编 |
| 801 | 0 | @aCN@bZL@c20140915 |
| 905 | @a241430@dTQ085@eZ250 | |
| 工业水处理技术/张志强主编.-北京:化学工业出版社,2014 |
| 322页:图;21cm |
| 环境工程实用技术读本 |
| ISBN 978-7-122-19896-9:CNY 38.00 |
| 本书采用问答的形式,汇总了工业水处理技术的各项内容,包括基础知识、标准法规、水中的污染物及其危害、工业水处理技术以及几种典型工业废水的处理和利用,最后还介绍了水处理中常用的药剂。 |
| ● |
| 相关链接 |
|
|
|
正题名:工业水处理技术
索取号:TQ085/Z250
 
预约/预借
| 序号 | 登录号 | 条形码 | 馆藏地/架位号 | 状态 | 备注 |
| 1 | 0833046 | 208330466 | 自科库501/501自科库 139排2列4层/ [索取号:TQ085/Z250] | 在馆 | |
| 2 | 0833047 | 208330475 | 期刊室512/501自科库 139排2列4层/ [索取号:TQ085/Z250] | 在馆 | |
| 3 | 0833048 | 208330484 | 自科库501/501自科库 139排2列4层/ [索取号:TQ085/Z250] | 在馆 |